| 000 | 02281cam a22005178i 4500 | ||
|---|---|---|---|
| 001 | 21294369 | ||
| 005 | 20220923154109.0 | ||
| 006 | m |o d | | ||
| 007 | cr ||||||||||| | ||
| 008 | 191104t20202020pau ob 001 0 eng | ||
| 010 | _a 2019035502 | ||
| 020 |
_a9781845417352 _q(Kindle Edition) |
||
| 020 |
_z9781845417314 _q(Paperback) |
||
| 020 |
_a9781845417338 _q(Adobe PDF) |
||
| 020 |
_a9781845417345 _q(ePub) |
||
| 020 |
_z9781845417321 _q(Hardback) |
||
| 040 |
_aDLC _beng _cDLC _erda |
||
| 042 | _apcc | ||
| 050 | 0 | 0 | _aG155.A1 |
| 082 | 0 | 0 |
_a338.4791 _bDWY |
| 100 | 1 |
_aDwyer, Larry, _eauthor. _998984 |
|
| 245 | 1 | 0 |
_aTourism economics and policy / _cLarry Dwyer, Peter Forsyth, and Wayne Dwyer. |
| 250 | _aSecond Edition. | ||
| 263 | _a2001 | ||
| 264 | 1 |
_aBlue Ridge Summit, Pennsylvania : _bChannel View Publications, _c2020. |
|
| 264 | 4 | _c© 2020. | |
| 300 | _a1 online resource | ||
| 336 |
_atext _btxt _2rdacontent |
||
| 337 |
_acomputer _bc _2rdamedia |
||
| 338 |
_aonline resource _bcr _2rdacarrier |
||
| 490 | 0 |
_aAspects of tourism texts; _v5 |
|
| 500 | _aFirst edition published 2010. | ||
| 504 | _aIncludes bibliographical references and index. | ||
| 520 |
_a"This revised edition incorporates new material on the sharing economy, AI, surface and marine transport, resident quality of life issues, the price mechanism, the economic contribution of tourism, and tourism and economic growth. It remains an accessible text for students, researchers and practitioners in tourism economics and policy"-- _cProvided by publisher. |
||
| 588 | _aDescription based on print version record and CIP data provided by publisher; resource not viewed. | ||
| 650 | 0 |
_aTourism _xForecasting. _998985 |
|
| 650 | 0 |
_aTourism _xManagement. _994047 |
|
| 650 | 0 |
_aTourism _xGovernment policy. _998986 |
|
| 700 | 1 |
_aForsyth, P. _q(Peter), _eauthor. _998987 |
|
| 700 | 1 |
_aDwyer, Wayne, _eauthor. _998988 |
|
| 776 | 0 | 8 |
_iPrint version: _aDwyer, Larry. _tTourism economics and policy _bSecond Edition. _dBlue Ridge Summit, Pennsylvania : Channel View Publications, 2020. _z9781845417314 _w(DLC) 2019035501 |
| 830 | 0 |
_aAspects of tourism texts. _998989 |
|
| 906 |
_a7 _bcbc _corignew _d1 _eecip _f20 _gy-gencatlg |
||
| 942 |
_2ddc _cBK |
||
| 999 |
_c591440 _d591440 |
||